Felvételi pont a jutalom a Szegedi Tudományegyetemen a világ legnépszerűbb Coursera kurzusának elvégzéséért
Elmentve itt :
| Dokumentumtípus: | Cikk |
|---|---|
| Megjelent: |
2024-02-02
|
| Sorozat: | 24.hu
|
| Kulcsszavak: | Nemzetközi kapcsolatok, Együttműködési megállapodás - Coursera for SZTE - online felsőoktatási platform - Lighthouse 2.0, Oktatás - online - kurzusok - kreditek, Egyetemi hallgatók, Egyetemi felvételi - 2024, Többletpont, Szakál Péter - oktatási igazgató, SZTE Oktatási Igazgatóság |
| Online Access: | http://univ.bibl.u-szeged.hu/69049 |
| LEADER | 00867nab a2200157 i 4500 | ||
|---|---|---|---|
| 001 | univ69049 | ||
| 005 | 20240205171036.0 | ||
| 008 | 240205s2024 hu o 000 hun d | ||
| 040 | |a SZTE UnivHistória Repozitórium |b hun | ||
| 041 | |a hun | ||
| 245 | 0 | 0 | |a Felvételi pont a jutalom a Szegedi Tudományegyetemen a világ legnépszerűbb Coursera kurzusának elvégzéséért |h [elektronikus dokumentum] |
| 260 | |c 2024-02-02 | ||
| 490 | 0 | |a 24.hu | |
| 561 | |a Egyetemi hirarchívum | ||
| 695 | |a Nemzetközi kapcsolatok, Együttműködési megállapodás - Coursera for SZTE - online felsőoktatási platform - Lighthouse 2.0, Oktatás - online - kurzusok - kreditek, Egyetemi hallgatók, Egyetemi felvételi - 2024, Többletpont, Szakál Péter - oktatási igazgató, SZTE Oktatási Igazgatóság | ||
| 856 | 4 | 0 | |u http://univ.bibl.u-szeged.hu/69049/1/24_HU_Coursera_02.pdf |z Dokumentum-elérés |